000 00780cam a2200277 4500
008 090401t1989 xxu||||| |||| 00| 0 eng d
020 _a0854064273
035 _a(Sirsi) u49044
041 _aeng
050 _a331.281
090 _aRICS 1989/53A
110 _aRoyal Institution of Chartered Surveyors
_94900
245 _aLand Agency and Agriculture Division salary survey
260 _aLondon
_bRoyal Institution of Chartered Surveyors
_c1989
300 _a36p. ; 30cm.
350 _a0
650 _aABOUT RICS-RICS MEMBERS
650 _aLAND AGENTS
650 _aSALARIES
650 _aSALARY SURVEYS
650 _aSURVEYING
650 _aRural
_96268
690 _aMANAGEMENT-BUSINESS MANAGEMENT-PROFESSIONAL PRACTICE
942 _n0
948 _c04/03/1997
999 _c92472
_d92472